|
|
|
|
| LEADER |
00000nab a2200000ua 4500 |
| 001 |
vtls010784350 |
| 003 |
SK-MaSNL |
| 005 |
20260303135733.0 |
| 008 |
230218s1977 xo |||||||||||||||||cze| |
| 035 |
|
|
|a (urnnbn)urn:nbn:sk:snk:ar-a02lx2
|
| 035 |
|
|
|a (uuid)8ca4296c-7d7a-4062-b1fe-539668be4652
|
| 035 |
|
|
|a urn:nbn:sk:snk-ab4mmg
|
| 040 |
|
|
|a SNKBUCL
|b slo
|c SNKBUCL
|e AACR2
|
| 041 |
0 |
|
|a cze
|
| 044 |
|
|
|a xo
|c SK
|
| 100 |
1 |
|
|a Rubík, Imrich,
|d 1921-
|4 aut
|9 215988
|
| 245 |
1 |
0 |
|a Teoretické problémy vertikálni integrace
|c Imrich Rubík
|
| 773 |
0 |
|
|t Ekonomika poľnohospodárstva
|g Roč. 16, č. 3 (1977), s. 100-102
|
| 954 |
|
|
|a odborná, vedecká literatúra cudzojazyčná (svetová)
|2 lita
|
| 958 |
|
|
|a OND
|
| 958 |
|
|
|a EUIPO
|
| 958 |
|
|
|a article3
|
| 999 |
|
|
|c 1967521
|d 1969451
|